[Event "NED-ch 2002 sf"]
[Site "Leeuwarden"]
[Date "2001.11.17"]
[Round "1.1"]
[White "De Vreugt, Dennis"]
[Black "Blokhuis, Jeroen"]
[Result "1-0"]
[WhiteElo "2437"]
[BlackElo "2321"]
[PlyCount "53"]
[EventDate "2001.11.17"]

1. e4 c5 2. Nf3 Nc6 3. d4 cxd4 4. Nxd4 Nf6 5. Nc3 d6 6. Bc4 e6 7. Be3 Be7 8.
Rg1 a6 9. Bb3 Na5 10. g4 Nxb3 11. axb3 d5 12. e5 Nd7 13. f4 g6 14. Qe2 Nb8 15.
O-O-O Bd7 16. Qf2 Qc8 17. h4 b5 18. h5 Nc6 19. Rh1 Nxd4 20. Bxd4 b4 21. hxg6
fxg6 22. Nxd5 Bd8 23. f5 gxf5 24. Nf6+ Bxf6 25. exf6 Kf7 26. gxf5 e5 27. Qg3
1-0

[Event "NED-ch 2002 sf"]
[Site "Leeuwarden"]
[Date "2001.11.17"]
[Round "1.1"]
[White "Snuverink, Jochem"]
[Black "Janssen, Ruud"]
[Result "1/2-1/2"]
[WhiteElo "2136"]
[BlackElo "2475"]
[PlyCount "77"]
[EventDate "2001.11.17"]

1. e4 c5 2. Nf3 e6 3. d4 cxd4 4. Nxd4 Nf6 5. Nc3 Bb4 6. e5 Nd5 7. Bd2 Nxc3 8.
bxc3 Be7 9. Qg4 g6 10. h4 Nc6 11. Qg3 Qa5 12. f4 h5 13. Bd3 Qb6 14. Be3 Qa5 15.
Bd2 d6 16. exd6 Bxd6 17. Nxc6 bxc6 18. Bxg6 Bb7 19. Rb1 Ba6 20. Qe3 Qxa2 21.
Rb3 Qa1+ 22. Kf2 Qxh1 23. Qxe6+ Be7 24. Qxf7+ Kd8 25. c4 Qxh4+ 26. Kf1 Qh1+ 27.
Ke2 Qxg2+ 28. Kd3 Qf1+ 29. Kd4 Qxc4+ 30. Qxc4 Bf6+ 31. Kd3 Bxc4+ 32. Kxc4 a5
33. Rb7 h4 34. Kc5 h3 35. Kxc6 h2 36. Rd7+ Kc8 37. Rc7+ Kb8 38. Rb7+ Kc8 39.
Rc7+ 1/2-1/2

[Event "NED-ch 2002 sf"]
[Site "Leeuwarden"]
[Date "2001.11.17"]
[Round "1.1"]
[White "Van de Oudeweetering, Arthur"]
[Black "Hoogendoorn, Joost"]
[Result "0-1"]
[WhiteElo "2416"]
[BlackElo "2388"]
[PlyCount "54"]
[EventDate "2001.11.17"]

1. e4 Nc6 2. Nc3 Nf6 3. d4 d5 4. e5 Nd7 5. Nge2 e6 6. Nf4 Ne7 7. Be3 a6 8. Qd2
c5 9. dxc5 Nf5 10. O-O-O Nxe3 11. Qxe3 Nxc5 12. Nh5 h6 13. f4 Qa5 14. Kb1 Bd7
15. f5 O-O-O 16. fxe6 fxe6 17. Be2 Be7 18. Rhf1 Rhf8 19. Nxg7 Rxf1 20. Rxf1 Qb4
21. Rf4 Bg5 22. Rxb4 Bxe3 23. Rg4 Rf8 24. Bf3 Bf4 25. b4 Bxe5 26. Nxd5 exd5 27.
bxc5 Rxf3 0-1

[Event "NED-ch 2002 sf"]
[Site "Leeuwarden"]
[Date "2001.11.17"]
[Round "1.2"]
[White "Visser, Yge"]
[Black "Bezemer, Arno"]
[Result "1-0"]
[WhiteElo "2453"]
[BlackElo "2315"]
[PlyCount "77"]
[EventDate "2001.11.17"]

1. Nf3 Nf6 2. g3 g6 3. Bg2 Bg7 4. O-O O-O 5. d3 d6 6. e4 c5 7. Nbd2 Nc6 8. Re1
e5 9. c3 Nh5 10. Nc4 h6 11. a4 Be6 12. Nfd2 d5 13. exd5 Bxd5 14. Ne4 f5 15.
Ned6 Bxg2 16. Kxg2 Rb8 17. f4 exf4 18. Bxf4 Nxf4+ 19. gxf4 Kh7 20. Re6 Rf6 21.
Qe2 Rxe6 22. Qxe6 Qh4 23. Rf1 a6 24. a5 Qd8 25. Rf3 Qf6 26. Re3 Qxe6 27. Rxe6
Nd8 28. Re7 Kg8 29. Re8+ Bf8 30. Nxb7 Nc6 31. Re6 Ne7 32. Nxc5 Nd5 33. Rxg6+
Kh7 34. Nd7 Kxg6 35. Nxb8 Nxf4+ 36. Kf3 Nxd3 37. Nxa6 Kg5 38. Nc7 Kh4 39. Ne6
1-0

[Event "NED-ch 2002 sf"]
[Site "Leeuwarden"]
[Date "2001.11.17"]
[Round "1.1"]
[White "Jonkman, Harmen"]
[Black "Cako, Laszlo"]
[Result "1-0"]
[WhiteElo "2491"]
[BlackElo "2131"]
[PlyCount "87"]
[EventDate "2001.11.17"]

1. e4 e5 2. Nf3 Nc6 3. Bb5 a6 4. Ba4 Nf6 5. O-O Be7 6. Re1 b5 7. Bb3 O-O 8. a4
Bb7 9. d3 d6 10. Nc3 b4 11. Nd5 Nxd5 12. Bxd5 Na5 13. Bxb7 Nxb7 14. d4 Bf6 15.
d5 Nc5 16. Qe2 Qd7 17. Qc4 a5 18. b3 c6 19. Be3 cxd5 20. Qxd5 Rac8 21. Rad1 Qc6
22. Qxc6 Rxc6 23. Nd2 Nb7 24. Nc4 Bd8 25. Rd5 Bc7 26. Rb5 Nd8 27. Re2 Ra6 28.
Rd2 f5 29. exf5 Rxf5 30. Kf1 Kf7 31. Nxe5+ Rxe5 32. Rxe5 dxe5 33. Rd7+ Kf6 34.
Rxc7 Rc6 35. Rxc6+ Nxc6 36. Ke2 e4 37. Kd2 Ke5 38. Bb6 g5 39. c3 bxc3+ 40. Kxc3
g4 41. Kc4 h5 42. Bc7+ Ke6 43. Kc5 Nb4 44. Bxa5 1-0

[Event "NED-ch 2002 sf"]
[Site "Leeuwarden"]
[Date "2001.11.17"]
[Round "1.1"]
[White "Van Haastert, Edwin"]
[Black "Stellwagen, Daniel"]
[Result "1/2-1/2"]
[WhiteElo "2419"]
[BlackElo "2384"]
[PlyCount "58"]
[EventDate "2001.11.17"]

1. e4 e6 2. d4 d5 3. e5 c5 4. c3 Nc6 5. Nf3 Nge7 6. Na3 cxd4 7. cxd4 Nf5 8. Nc2
Be7 9. Bd3 f6 10. g4 fxe5 11. gxf5 e4 12. Ng5 O-O 13. Qh5 h6 14. Nxe4 dxe4 15.
Bxe4 exf5 16. Bxc6 bxc6 17. Bxh6 Qe8 18. Qxe8 Rxe8 19. Be3 Bd6 20. O-O-O f4 21.
Bd2 Re2 22. f3 Bh3 23. Rhg1 Bf5 24. h4 Kf7 25. Rde1 Rh2 26. Rh1 Rf2 27. Rhf1
Rh2 28. Rh1 Rf2 29. Rhf1 Rh2 1/2-1/2

[Event "NED-ch 2002 sf"]
[Site "Leeuwarden"]
[Date "2001.11.17"]
[Round "1.1"]
[White "Hommeles, Theo"]
[Black "Solleveld, Maarten"]
[Result "0-1"]
[WhiteElo "2403"]
[BlackElo "2413"]
[PlyCount "92"]
[EventDate "2001.11.17"]

1. e4 e5 2. Nf3 Nc6 3. Bb5 a6 4. Ba4 Nf6 5. Qe2 b5 6. Bb3 Bc5 7. d3 O-O 8. O-O
h6 9. Nc3 d6 10. Be3 Bxe3 11. fxe3 Be6 12. Bd5 Bxd5 13. exd5 Ne7 14. e4 c6 15.
Nh4 b4 16. Nd1 cxd5 17. Rxf6 gxf6 18. Ne3 Kh7 19. Rf1 f5 20. exf5 f6 21. Rf3
Rg8 22. Rh3 Rg5 23. Ng4 Ng8 24. Ne3 Qb6 25. Kh1 Qc6 26. Nf3 Rg7 27. Ne1 d4 28.
Ng4 Rg5 29. Nf2 Rxf5 30. Ne4 Rc8 31. Ng3 Rg5 32. Ne4 Rg6 33. Qf3 d5 34. Ng3 Qe6
35. Nh5 e4 36. Qf1 exd3 37. Nxd3 Rxc2 38. Nhf4 Qf5 39. Rf3 Rg7 40. Qd1 Rgc7 41.
h3 Ne7 42. Qe1 Ng6 43. Qe8 Nxf4 44. Nxf4 Qe4 45. Ne6 Qe1+ 46. Kh2 Rxg2+ 0-1

[Event "NED-ch 2002 sf"]
[Site "Leeuwarden"]
[Date "2001.11.17"]
[Round "1.1"]
[White "Berkvens, Joost"]
[Black "Blees, Albert"]
[Result "1-0"]
[WhiteElo "2428"]
[BlackElo "2362"]
[PlyCount "79"]
[EventDate "2001.11.17"]

1. d4 Nf6 2. c4 d6 3. Nc3 Nbd7 4. e4 e5 5. Nf3 c6 6. Be2 Be7 7. O-O O-O 8. Rb1
Re8 9. d5 Nc5 10. Nd2 a5 11. b3 Bd7 12. a3 cxd5 13. cxd5 b5 14. b4 axb4 15.
Rxb4 Qa5 16. Nb3 Qd8 17. Nd2 Qa5 18. Ndb1 Rab8 19. Bd2 Qd8 20. Re1 Rb7 21. Qc2
Qb8 22. Be3 Rc8 23. f3 Bd8 24. Rc1 Ba5 25. Rb2 Na4 26. Rb3 Rbc7 27. Qd3 Nc5 28.
Bxc5 Rxc5 29. Rd1 Rc4 30. Kh1 b4 31. axb4 Rxb4 32. Rxb4 Qxb4 33. Qa6 h5 34. Nb5
Rd8 35. N1a3 Rb8 36. Rb1 Qd2 37. Qxd6 Rd8 38. Qa6 Bb4 39. Bf1 h4 40. Nc4 1-0

[Event "NED-ch 2002 sf"]
[Site "Leeuwarden"]
[Date "2001.11.17"]
[Round "1.1"]
[White "Hendriks, Willy"]
[Black "Delemarre, Jop"]
[Result "1-0"]
[WhiteElo "2372"]
[BlackElo "2426"]
[PlyCount "83"]
[EventDate "2001.11.17"]

1. e4 e6 2. d4 d5 3. e5 c5 4. c3 Nc6 5. Nf3 Bd7 6. Be2 f6 7. O-O Qb6 8. dxc5
Bxc5 9. b4 Be7 10. Bf4 fxe5 11. Nxe5 Nxe5 12. Bxe5 Nf6 13. Nd2 O-O 14. Nf3 a5
15. Bd4 Qc7 16. bxa5 Rxa5 17. Bd3 Bc5 18. h3 Be8 19. Qe2 Qd6 20. Qe3 Bxd4 21.
cxd4 Ra3 22. Qd2 Nh5 23. Ne5 Nf4 24. Rfe1 Qe7 25. Bf1 Qg5 26. Kh2 Bb5 27. Ng4
Bxf1 28. Rxf1 Rd3 29. Qc2 Qh4 30. f3 Rxd4 31. Rab1 Ng6 32. Qc7 Rd2 33. Rb4 e5
34. Kh1 e4 35. Rxb7 Ne7 36. Qxe7 Qxe7 37. Rxe7 h5 38. Nh2 Rxa2 39. fxe4 dxe4
40. Rxe4 Rc8 41. Re5 g6 42. Re7 1-0

[Event "NED-ch 2002 sf"]
[Site "Leeuwarden"]
[Date "2001.11.17"]
[Round "1.1"]
[White "Werle, Jan"]
[Black "Muis, Gerrit-Meine"]
[Result "1-0"]
[WhiteElo "2459"]
[BlackElo "2179"]
[PlyCount "123"]
[EventDate "2001.11.17"]

1. Nf3 d5 2. d4 Nf6 3. c4 e6 4. Nc3 Nbd7 5. Bg5 h6 6. Bh4 Be7 7. e3 O-O 8. Qc2
Re8 9. Be2 dxc4 10. Bxc4 a6 11. a4 c5 12. O-O Qc7 13. Ba2 b6 14. Rad1 Bb7 15.
Bg3 Bd6 16. Bxd6 Qxd6 17. e4 Qf4 18. Bb1 cxd4 19. Rxd4 Ne5 20. Nxe5 Qxe5 21.
Qd3 Rac8 22. h3 Qc7 23. Rd1 e5 24. Rd6 Qc5 25. Qg3 Rc6 26. R6d5 Qe7 27. R5d2
Qb4 28. Ba2 Kf8 29. Rd8 Qe7 30. Rxe8+ Qxe8 31. Bd5 Nxd5 32. Nxd5 Qe6 33. Qa3+
Qd6 34. Qb3 Qc5 35. Ne3 Rf6 36. Rd8+ Ke7 37. Qd3 Bc6 38. Nf5+ Rxf5 39. exf5
Qc1+ 40. Kh2 Qf4+ 41. Kg1 Qc1+ 42. Qd1 Qxd1+ 43. Rxd1 Bxa4 44. Rd5 f6 45. f3 a5
46. Kf2 Bd7 47. g4 Kd8 48. Ke3 Kc7 49. f4 Bc6 50. Rd1 e4 51. h4 a4 52. g5 b5
53. Kd4 Kd6 54. Rg1 h5 55. gxf6 gxf6 56. Rg6 Ke7 57. Rg7+ Kf8 58. Rc7 Be8 59.
Kxe4 Bf7 60. Rb7 Bc4 61. Kd4 Be2 62. Kc5 1-0

[Event "NED-ch 2002 sf"]
[Site "Leeuwarden"]
[Date "2001.11.17"]
[Round "1.1"]
[White "Bosch, Jeroen"]
[Black "Dambacher, Martijn"]
[Result "1-0"]
[WhiteElo "2454"]
[BlackElo "2249"]
[PlyCount "151"]
[EventDate "2001.11.17"]

1. d4 d5 2. c4 e6 3. Nc3 Be7 4. cxd5 exd5 5. Bf4 c6 6. e3 Nf6 7. Bd3 O-O 8. h3
Re8 9. Nf3 Nbd7 10. Qc2 Nf8 11. O-O-O Be6 12. Kb1 Rc8 13. g4 Qa5 14. Nd2 b5 15.
Bg3 N6d7 16. f4 f6 17. f5 Bf7 18. h4 Qb6 19. g5 c5 20. g6 hxg6 21. fxg6 Be6 22.
Bxb5 cxd4 23. Bxd7 Nxd7 24. exd4 Qxd4 25. Nb3 Qg4 26. Nd4 Qxg3 27. Nxe6 Bb4 28.
Qf5 Bxc3 29. Nxg7 Re7 30. h5 Rb8 31. Qxd5+ Kh8 32. Nf5 Rxb2+ 33. Kc1 Qf4+ 34.
Rd2 Qxd2+ 35. Qxd2 Rxd2 36. Nxe7 Rxa2 37. Rh3 Re2 38. Nf5 Re5 39. Nd6 Re1+ 40.
Kc2 Be5 41. Nf7+ Kg7 42. h6+ Kxg6 43. h7 Kxf7 44. h8=Q Nf8 45. Ra3 Ra1 46. Rb3
Ra2+ 47. Kd1 Ra1+ 48. Ke2 Rc1 49. Qh5+ Kg8 50. Qg4+ Kf7 51. Rh3 Rc7 52. Rh8 Bd6
53. Qg8+ Ke8 54. Qd5 Be7 55. Qb5+ Kf7 56. Qb3+ Ke8 57. Qb8+ Kd7 58. Rxf8 Bxf8
59. Qxf8 Kc6 60. Qxf6+ Kb7 61. Qb2+ Ka8 62. Kd3 Rc6 63. Qg2 Kb7 64. Kd4 Kc7 65.
Qg7+ Kb8 66. Kd5 Rb6 67. Kc5 Ra6 68. Qf8+ Kb7 69. Qe7+ Kb8 70. Qd8+ Kb7 71.
Qd7+ Kb8 72. Kb5 Rb6+ 73. Ka5 Rb1 74. Qd8+ Kb7 75. Qd5+ Kc7 76. Qe5+ 1-0

[Event "NED-ch 2002 sf"]
[Site "Leeuwarden"]
[Date "2001.11.18"]
[Round "1.1"]
[White "Nijboer, Friso"]
[Black "Sturm, Pieter"]
[Result "1-0"]
[WhiteElo "2565"]
[BlackElo "2006"]
[PlyCount "72"]
[EventDate "2001.11.17"]

1. e4 e6 2. d3 d5 3. Qe2 d4 4. f4 Nc6 5. Nf3 Nf6 6. Nbd2 Bc5 7. h3 Qe7 8. g4 e5
9. f5 Nd7 10. Bg2 f6 11. a3 a5 12. Nf1 Nb6 13. Ng3 Bd7 14. h4 O-O-O 15. g5 Rdf8
16. g6 hxg6 17. fxg6 Be6 18. h5 Qd7 19. Nh4 Rfg8 20. Qf1 Ne7 21. Bh3 Kb8 22.
Bxe6 Qxe6 23. Qh3 Qxh3 24. Rxh3 Nbc8 25. Bd2 b6 26. O-O-O a4 27. Rg1 Nd6 28.
Rhh1 Kc8 29. h6 gxh6 30. Nh5 Ne8 31. Rg2 Kd7 32. Rf1 Ke6 33. Rgf2 Nxg6 34.
Rxf6+ Nxf6 35. Rxf6+ Kd7 36. Nxg6 Rxg6 1-0

[Event "NED-ch 2002 sf"]
[Site "Leeuwarden"]
[Date "2001.11.18"]
[Round "1.2"]
[White "Van der Wiel, John"]
[Black "Zult, Daan"]
[Result "1-0"]
[WhiteElo "2495"]
[BlackElo "2105"]
[PlyCount "65"]
[EventDate "2001.11.17"]

1. e4 c5 2. Nf3 d6 3. d4 cxd4 4. Nxd4 Nf6 5. Nc3 g6 6. Be3 Bg7 7. f3 O-O 8. Qd2
Nc6 9. O-O-O Nxd4 10. Bxd4 Be6 11. Kb1 Qc7 12. h4 Rfc8 13. h5 Qa5 14. hxg6 hxg6
15. a3 Rab8 16. Bd3 Bc4 17. Be3 b5 18. Bh6 Bh8 19. Bg5 Bg7 20. Bh6 Bh8 21. Nd5
Qd8 22. Bg5 Nxd5 23. Rxh8+ Kxh8 24. exd5 Kg7 25. Rh1 Bxd3 26. cxd3 Qd7 27. Bxe7
Qxe7 28. Qh6+ Kf6 29. Qh4+ g5 30. Qh6+ Kf5 31. g4+ Kf4 32. Qh2+ Kxf3 33. Qh3+
1-0

[Event "NED-ch 2002 sf"]
[Site "Leeuwarden"]
[Date "2001.11.18"]
[Round "1.2"]
[White "Muis, Gerrit-Meine"]
[Black "Werle, Jan"]
[Result "0-1"]
[WhiteElo "2179"]
[BlackElo "2459"]
[PlyCount "82"]
[EventDate "2001.11.17"]

1. c4 e5 2. Nc3 Bb4 3. Qc2 Nf6 4. Nf3 Nc6 5. a3 Bxc3 6. Qxc3 Qe7 7. e3 a5 8. b3
d5 9. Be2 O-O 10. O-O d4 11. Qc2 d3 12. Bxd3 e4 13. Be2 exf3 14. Bxf3 Bg4 15.
Bxc6 bxc6 16. Bb2 Bh5 17. f3 Nd7 18. Rae1 c5 19. d4 a4 20. bxa4 f6 21. Bc3 Bg6
22. Qd1 cxd4 23. Bb4 c5 24. exd4 Qd6 25. dxc5 Qxd1 26. Rxd1 Ne5 27. f4 Nc6 28.
Rd6 Rfc8 29. Rfd1 Bc2 30. Re1 Bxa4 31. Ree6 Rab8 32. Re4 f5 33. Re5 Nxe5 34.
fxe5 Re8 35. Rb6 Rxb6 36. cxb6 Bc6 37. Bd6 f4 38. Kf2 Kf7 39. a4 Ra8 40. e6+
Kxe6 41. Bxf4 Rxa4 0-1

[Event "NED-ch 2002 sf"]
[Site "Leeuwarden"]
[Date "2001.11.18"]
[Round "1.2"]
[White "Cako, Laszlo"]
[Black "Jonkman, Harmen"]
[Result "0-1"]
[WhiteElo "2131"]
[BlackElo "2491"]
[PlyCount "60"]
[EventDate "2001.11.17"]

1. e4 e5 2. Nf3 Nc6 3. Bb5 Nf6 4. O-O Nxe4 5. d4 Nd6 6. dxe5 Nxb5 7. a4 d6 8.
e6 Bxe6 9. axb5 Ne7 10. Nd4 Nf5 11. Nxe6 fxe6 12. Re1 Be7 13. Rxe6 O-O 14. Nc3
Qd7 15. Re1 c6 16. bxc6 bxc6 17. Ne4 d5 18. Bg5 Bxg5 19. Nxg5 Qb7 20. Qe2 h6
21. Ne6 Rf6 22. Nf4 Qxb2 23. Nh5 Rg6 24. Qd3 Rf8 25. Nf4 Rgf6 26. Nh5 Re6 27.
Reb1 Qe5 28. Rxa7 Rg6 29. Ng3 Qd4 30. Rbb7 Nxg3 0-1

[Event "NED-ch 2002 sf"]
[Site "Leeuwarden"]
[Date "2001.11.18"]
[Round "1.2"]
[White "Stellwagen, Daniel"]
[Black "Van Haastert, Edwin"]
[Result "1-0"]
[WhiteElo "2384"]
[BlackElo "2419"]
[PlyCount "93"]
[EventDate "2001.11.17"]

1. e4 c5 2. Nf3 d6 3. d4 Nf6 4. Nc3 cxd4 5. Nxd4 g6 6. Be3 Bg7 7. f3 O-O 8. Qd2
Nc6 9. Bc4 Bd7 10. O-O-O Ne5 11. Bb3 Qa5 12. h4 Rfc8 13. h5 Rxc3 14. bxc3 Nxh5
15. Bh6 Bxh6 16. Qxh6 Rc8 17. g4 Qxc3 18. Ne2 Nd3+ 19. Rxd3 Qa1+ 20. Kd2 Qxh1
21. gxh5 Qxh5 22. Qxh5 gxh5 23. Rd5 Rc5 24. Rxc5 dxc5 25. Ke3 Kg7 26. Kf4 Kf6
27. e5+ Kg6 28. Nc3 b5 29. Bd5 h4 30. Be4+ Kh5 31. Nd5 Be6 32. a3 h3 33. Kg3
Bxd5 34. Bxd5 Kg5 35. Be4 h2 36. f4+ Kh5 37. Bf3+ Kg6 38. Kxh2 Kf5 39. Kg3 b4
40. a4 e6 41. Bh5 c4 42. Be2 Ke4 43. Bxc4 h5 44. Bb5 h4+ 45. Kxh4 Kxf4 46. Be8
Kxe5 47. Bxf7 1-0

[Event "NED-ch 2002 sf"]
[Site "Leeuwarden"]
[Date "2001.11.18"]
[Round "1.2"]
[White "Blees, Albert"]
[Black "Berkvens, Joost"]
[Result "0-1"]
[WhiteElo "2362"]
[BlackElo "2428"]
[PlyCount "77"]
[EventDate "2001.11.17"]

1. d4 Nf6 2. c4 e6 3. Nc3 d5 4. cxd5 exd5 5. Bf4 Bd6 6. Bg3 O-O 7. Qc2 Nc6 8.
e3 Nb4 9. Qd2 Bf5 10. Rc1 Bxg3 11. hxg3 c5 12. dxc5 d4 13. exd4 Re8+ 14. Kd1
Nxa2 15. Ra1 Nxc3+ 16. bxc3 Ne4 17. Qb2 Nxc5 18. Bb5 Qd6 19. Qb4 Ne4 20. Bxe8
Nxf2+ 21. Kd2 Qxb4 22. cxb4 Nxh1 23. Ne2 Nf2 24. Ba4 Ne4+ 25. Ke3 Nf6 26. Nf4
a5 27. Bb5 g5 28. Nh3 Nd5+ 29. Kd2 Nxb4 30. Nxg5 b6 31. Bc4 Bg6 32. Rf1 Rd8 33.
Kc3 Nd5+ 34. Bxd5 Rxd5 35. Nf3 f6 36. Re1 Kf8 37. g4 Bf7 38. Rf1 b5 39. g5 0-1

[Event "NED-ch 2002 sf"]
[Site "Leeuwarden"]
[Date "2001.11.18"]
[Round "1.2"]
[White "Van der Werf, Mark"]
[Black "Tondivar, Babak"]
[Result "1/2-1/2"]
[WhiteElo "2435"]
[BlackElo "2328"]
[PlyCount "90"]
[EventDate "2001.11.17"]

1. c4 e6 2. Nc3 d5 3. d4 Be7 4. cxd5 exd5 5. Bf4 c6 6. Qc2 g6 7. e3 Bf5 8. Qd2
Nf6 9. f3 O-O 10. g4 Be6 11. Bd3 Nbd7 12. Nge2 Rc8 13. h4 Ne8 14. O-O-O b5 15.
h5 g5 16. Bc2 f6 17. Bg3 Nd6 18. Rdf1 Rf7 19. Qd3 Nf8 20. Kb1 Nc4 21. Rf2 Bd6
22. Bxd6 Qxd6 23. Nc1 Re8 24. Nb3 Bd7 25. Re1 Qg3 26. Rff1 Rfe7 27. e4 Ne6 28.
Qd1 Qd6 29. exd5 cxd5 30. Nc5 Nf4 31. Rxe7 Qxe7 32. Nxd7 Qxd7 33. Re1 Ne3 34.
Qd2 Nxc2 35. Kxc2 Rxe1 36. Qxe1 b4 37. Nd1 a5 38. Ne3 Qb5 39. Qd2 a4 40. b3 a3
41. Nf5 Qf1 42. Qe3 Qg2+ 43. Kd1 Qf1+ 44. Kc2 Qg2+ 45. Kd1 Qf1+ 1/2-1/2

[Event "NED-ch 2002 sf"]
[Site "Leeuwarden"]
[Date "2001.11.18"]
[Round "1.2"]
[White "Hoogendoorn, Joost"]
[Black "Van de Oudeweetering, Arthur"]
[Result "1/2-1/2"]
[WhiteElo "2388"]
[BlackElo "2416"]
[PlyCount "110"]
[EventDate "2001.11.17"]

1. e4 e5 2. Nf3 Nc6 3. d4 exd4 4. Nxd4 Qf6 5. Be3 Bc5 6. c3 Qg6 7. Nd2 Nf6 8.
Nf5 Bxe3 9. Nxe3 O-O 10. Bd3 d5 11. exd5 Qxd3 12. dxc6 Re8 13. Nb3 Qb5 14. a4
Qxc6 15. O-O b6 16. Nd4 Qe4 17. Nb5 Ba6 18. Nxc7 Red8 19. Nxa6 Rxd1 20. Rfxd1
Qe5 21. Nb4 h5 22. Rd4 Re8 23. h3 Ne4 24. Nd3 Qb8 25. Rd1 g6 26. Nb4 Kg7 27.
Nbd5 Nc5 28. Rb4 Qb7 29. a5 Re6 30. axb6 axb6 31. Rbd4 b5 32. b4 Na4 33. R1d2
Nb6 34. Nxb6 Qxb6 35. c4 bxc4 36. Rxc4 Qa6 37. Rdc2 Rd6 38. Rc5 Qa1+ 39. Kh2
Rd3 40. b5 Rb3 41. Rc1 Qd4 42. R1c4 Qd6+ 43. Kg1 Qd2 44. Rc1 Rb4 45. R5c2 Qd3
46. Rc5 h4 47. R5c4 Rb2 48. Rf1 g5 49. Rc5 Rxb5 50. Rxb5 Qxb5 51. Rd1 Qe2 52.
Ra1 Qb5 53. Rd1 f5 54. Rd5 Qb1+ 55. Rd1 Qb5 1/2-1/2

[Event "NED-ch 2002 sf"]
[Site "Leeuwarden"]
[Date "2001.11.18"]
[Round "1.3"]
[White "Blokhuis, Jeroen"]
[Black "De Vreugt, Dennis"]
[Result "0-1"]
[WhiteElo "2321"]
[BlackElo "2437"]
[PlyCount "140"]
[EventDate "2001.11.17"]

1. e4 e5 2. Nf3 Nc6 3. Bb5 a6 4. Ba4 Nf6 5. O-O Be7 6. Re1 b5 7. Bb3 O-O 8. d4
d6 9. c3 Bg4 10. d5 Na5 11. Bc2 c6 12. h3 Bd7 13. dxc6 Bxc6 14. Nbd2 Re8 15.
Nf1 Bf8 16. Ng3 g6 17. b3 Bg7 18. Be3 Nb7 19. Qe2 Qc7 20. Rac1 Rad8 21. Bb1 d5
22. Bg5 h6 23. Bxf6 Bxf6 24. exd5 Bxd5 25. Be4 Bg7 26. c4 bxc4 27. Bxd5 Rxd5
28. Rxc4 Rc5 29. Rxc5 Nxc5 30. Qc2 Qb6 31. Rc1 Bf8 32. Nd2 Kg7 33. Nc4 Qb7 34.
Re1 f6 35. Ne4 Nxe4 36. Qxe4 Qxe4 37. Rxe4 Rd8 38. Re1 Kf7 39. Kf1 Ke6 40. Ke2
f5 41. g4 Bc5 42. f3 Kf6 43. Rd1 Bd4 44. h4 Ke6 45. Rh1 Rf8 46. Rh2 fxg4 47.
fxg4 e4 48. Ne3 Rf3 49. Nc2 Bb6 50. b4 Rg3 51. g5 hxg5 52. hxg5 Rxg5 53. Rh8
Rg2+ 54. Kd1 Ke5 55. Re8+ Kf4 56. Rf8+ Ke5 57. Ra8 e3 58. Rxa6 Rd2+ 59. Ke1
Rxc2 60. Rxb6 g5 61. Rb8 Rxa2 62. b5 Kf4 63. Rf8+ Kg3 64. Re8 Kf3 65. Rf8+ Kg2
66. Rg8 g4 67. b6 Rb2 68. Rxg4+ Kf3 69. Rd4 Rb1+ 70. Rd1 Rxb6 0-1

[Event "NED-ch 2002 sf"]
[Site "Leeuwarden"]
[Date "2001.11.18"]
[Round "1.4"]
[White "De Vreugt, Dennis"]
[Black "Blokhuis, Jeroen"]
[Result "1/2-1/2"]
[WhiteElo "2437"]
[BlackElo "2321"]
[PlyCount "132"]
[EventDate "2001.11.17"]

1. e4 c5 2. Nc3 Nc6 3. g3 g6 4. Bg2 Bg7 5. d3 d6 6. Be3 e6 7. Qd2 Rb8 8. Nge2
Nge7 9. Bh6 O-O 10. Bxg7 Kxg7 11. O-O Nd4 12. Nd1 e5 13. c3 Nxe2+ 14. Qxe2 Be6
15. f4 f6 16. Ne3 b5 17. a3 a5 18. Rf2 Qd7 19. Raf1 exf4 20. Rxf4 b4 21. axb4
axb4 22. d4 bxc3 23. bxc3 cxd4 24. cxd4 d5 25. Qf2 Ng8 26. exd5 Bh3 27. Bxh3
Qxh3 28. Qg2 Qd7 29. Qf3 Rb6 30. Rc1 Ne7 31. Qe4 Rb3 32. Rf2 Nc8 33. Rfc2 Nd6
34. Rc7 Nxe4 35. Rxd7+ Kh6 36. Re1 f5 37. Ng4+ fxg4 38. Rxe4 Rb1+ 39. Kg2 Rb2+
40. Kg1 Rc8 41. Rde7 Rc1+ 42. Re1 Rcc2 43. d6 Rg2+ 44. Kh1 Rxh2+ 45. Kg1 Rbg2+
46. Kf1 Rd2 47. R7e2 Rhxe2 48. Rxe2 Rxd4 49. Re6 Kg5 50. Re7 h5 51. d7 Kf6 52.
Rh7 Ke6 53. Rg7 Rxd7 54. Rxg6+ Kf5 55. Rh6 Kg5 56. Rh8 Rd5 57. Kg2 Rf5 58. Ra8
Kf6 59. Ra6+ Ke5 60. Ra4 Kf6 61. Ra6+ Kg5 62. Ra8 Rb5 63. Rf8 Rb2+ 64. Kg1 h4
65. Rg8+ Kf5 66. Rf8+ Kg5 1/2-1/2

[Event "NED-ch 2002 sf"]
[Site "Leeuwarden"]
[Date "2001.11.18"]
[Round "1.4"]
[White "Tondivar, Babak"]
[Black "Van der Werf, Mark"]
[Result "1-0"]
[WhiteElo "2328"]
[BlackElo "2435"]
[PlyCount "185"]
[EventDate "2001.11.17"]

1. d4 d5 2. c4 e6 3. Nc3 c6 4. e3 Bd6 5. Bd3 f5 6. Qc2 Nh6 7. Nge2 O-O 8. Bd2
Na6 9. a3 dxc4 10. Bxc4 b5 11. Bb3 b4 12. Na4 bxa3 13. bxa3 Qe7 14. Bc4 Nf7 15.
O-O Nc7 16. Bd3 Bxa3 17. Qxc6 Bd6 18. Nc5 Bxc5 19. Qxc5 Qxc5 20. dxc5 Rd8 21.
Ba5 Rxd3 22. Bxc7 e5 23. Rfc1 Rd2 24. Nc3 Bd7 25. c6 Be8 26. Nb5 a6 27. Ba5 Rd3
28. Nc7 Rc8 29. Nxe8 Rxe8 30. Bb6 Rc8 31. c7 Rd6 32. Rab1 Rd7 33. Ba5 g5 34. f3
Nd6 35. Rd1 Kf7 36. Rxd6 Rxd6 37. Rb8 Rd1+ 38. Kf2 Rxc7 39. Bxc7 Rd2+ 40. Kf1
e4 41. fxe4 fxe4 42. g4 Rc2 43. Bg3 Rc3 44. Ra8 Ra3 45. Ra7+ Kg6 46. Ke2 Ra2+
47. Kd1 a5 48. Ra6+ Kf7 49. Kc1 a4 50. Kb1 Re2 51. Rxa4 Rxe3 52. Kc2 Ke6 53.
Kd2 Rd3+ 54. Ke2 Kd5 55. Ra5+ Kc4 56. Rxg5 Ra3 57. Rg7 h5 58. gxh5 Ra5 59. Re7
Rxh5 60. Rxe4+ Kd5 61. Re8 Rf5 62. Ra8 Ke6 63. Ra6+ Kf7 64. Ra4 Kg6 65. Rf4 Ra5
66. Kf3 Kg5 67. Rb4 Rc5 68. Bf2 Ra5 69. Rc4 Ra3+ 70. Be3+ Kh5 71. Re4 Ra2 72.
Kg3 Ra3 73. Re5+ Kg6 74. h4 Ra8 75. Kg4 Ra4+ 76. Bf4 Ra6 77. Rd5 Ra7 78. Rd6+
Kh7 79. h5 Rg7+ 80. Kf5 Rf7+ 81. Rf6 Ra7 82. Kg5 Rg7+ 83. Kf5 Ra7 84. Rc6 Ra5+
85. Be5 Rb5 86. Re6 Rb7 87. Kg5 Ra7 88. Rc6 Ra5 89. Rc7+ Kg8 90. Kf5 Ra6 91.
Bf6 Ra2 92. Kg6 Ra8 93. h6 1-0

[Event "NED-ch 2002 sf"]
[Site "Leeuwarden"]
[Date "2001.11.18"]
[Round "1.4"]
[White "Van der Weide, Karel"]
[Black "Span, Paul"]
[Result "1/2-1/2"]
[WhiteElo "2457"]
[BlackElo "2223"]
[PlyCount "134"]
[EventDate "2001.11.17"]

1. e4 Nf6 2. e5 Nd5 3. d4 d6 4. Nf3 Bg4 5. Be2 c6 6. O-O Bxf3 7. Bxf3 dxe5 8.
dxe5 e6 9. Qe2 Nd7 10. c4 Ne7 11. b3 Qc7 12. Bb2 Ng6 13. Be4 Ngxe5 14. f4 Bc5+
15. Kh1 Ng6 16. f5 O-O-O 17. fxe6 fxe6 18. Nc3 Nf6 19. Rae1 e5 20. Na4 Bd4 21.
Bf5+ Kb8 22. Bxd4 exd4 23. Nc5 Qd6 24. Ne6 Rde8 25. c5 Qd5 26. Qf2 Rxe6 27.
Bxe6 Qxc5 28. Qg3+ Ka8 29. Qc7 Qe7 30. Qxe7 Nxe7 31. Bf7 Nc8 32. Bc4 b5 33. Bd3
Kb7 34. Re6 Rd8 35. Kg1 Kc7 36. Rc1 Rd6 37. Re5 a6 38. h3 Nb6 39. Re7+ Rd7 40.
Rxd7+ Kxd7 41. g4 Kd6 42. g5 Nfd5 43. Bxh7 Nf4 44. Kh2 Nbd5 45. Be4 Nc3 46. Bf3
c5 47. a3 c4 48. bxc4 bxc4 49. h4 Kc5 50. h5 Ncd5 51. h6 gxh6 52. gxh6 Nf6 53.
Kg3 Ng6 54. Be2 Ne5 55. Kf4 Kd5 56. Kf5 Nh7 57. Bxc4+ Nxc4 58. Kg6 Nf8+ 59. Kf7
Ne6 60. Rxc4 Kxc4 61. Kxe6 d3 62. h7 d2 63. h8=Q d1=Q 64. Qc8+ Kb3 65. Qxa6
Qe1+ 66. Kd7 Qd2+ 67. Kc8 Qc1+ 1/2-1/2

[Event "NED-ch 2002 sf"]
[Site "Leeuwarden"]
[Date "2001.11.18"]
[Round "1.5"]
[White "Van der Werf, Mark"]
[Black "Tondivar, Babak"]
[Result "1/2-1/2"]
[WhiteElo "2435"]
[BlackElo "2328"]
[PlyCount "77"]
[EventDate "2001.11.17"]

1. d4 e6 2. Nf3 f5 3. g3 Nf6 4. Bg2 d5 5. O-O Bd6 6. c4 c6 7. Ne5 O-O 8. Bf4
Qe7 9. Nd2 Nbd7 10. Ndf3 Ne4 11. Rc1 Ndf6 12. Nd3 Bxf4 13. Nxf4 Bd7 14. Ne5 Be8
15. Qc2 g5 16. Nh5 Bxh5 17. c5 Nd7 18. Nxd7 Qg7 19. Ne5 Nf6 20. f3 Rae8 21. Qd3
Nd7 22. Nxd7 Qxd7 23. f4 gxf4 24. gxf4 Kh8 25. Kh1 Re7 26. Bf3 Bxf3+ 27. Qxf3
Rg8 28. Rg1 Reg7 29. Rg3 Qe7 30. Rcg1 Qf6 31. Qe3 Rxg3 32. Rxg3 Rxg3 33. hxg3
Kg7 34. Kg2 Kg6 35. Qd2 h5 36. Kh3 Qg7 37. Qe3 Kf7 38. Qf3 Qg4+ 39. Qxg4
1/2-1/2